Hegel
Saved in:
| Hovedforfatter: | |
|---|---|
| Format: | Bog |
| Sprog: | spansk |
| Udgivet: |
Iztapalapa
Anthropos
2010
|
| Udgivelse: | 1a. ed |
| Serier: | Autores, Textos y Temas
Filosofía, 78 |
| Fag: | |
| Tags: |
Tilføj Tag
Ingen Tags, Vær først til at tagge denne postø!
|
MARC
| LEADER | 00000cam a2200000 a 4500 | ||
|---|---|---|---|
| 001 | UCE8865 | ||
| 003 | CL-VaPUC | ||
| 005 | 20230421074441.0 | ||
| 008 | 150904e20100000mx |||||||||||||||||spa|d | ||
| 999 | |c 360628 |d 360626 | ||
| 020 | |a 9788476589465 | ||
| 040 | |c Pontificia Universidad Católica de Valparaíso | ||
| 082 | 0 | 4 | |a 193 |b TAY |2 21 |
| 100 | 0 | |a Taylor, Charles |e author |9 445 | |
| 245 | 1 | 0 | |a Hegel |
| 250 | |a 1a. ed | ||
| 260 | |a Iztapalapa |b Anthropos |c 2010 | ||
| 300 | |a 520 p | ||
| 490 | 0 | |a Autores, Textos y Temas | |
| 490 | 0 | |a Filosofía, 78 | |
| 583 | |a last modification |c 20150904 11:50:00 |k Rodrigo Vera | ||
| 600 | 0 | |a Hegel, Georg Wilhelm Friedrich |d 1770-1831 |9 860268 | |
| 650 | 0 | |a Filosofía alemana |9 265002 | |
| 650 | 0 | |a Crítica e interpretación |9 255042 | |
| 942 | |c BK |2 ddc | ||
| 945 | |d 20150904 11:50:00 |a gsalatino | ||
| 952 | |0 0 |1 0 |3 erb |4 0 |6 193_000000000000000_TAY_2010 |7 0 |8 A |9 470512 |a BIBEDU |b BIBEDU |i 5197260 |l 1 |o 193 TAY 2010 |p 5197260 |r 2023-07-10 |s 2023-07-10 |w 2019-11-23 |y BK |z Catalogado en:20150904 |k FIL | ||